000 00336nam a2200145Ia 4500
100 _aIIT/Bombay
490 _v1
942 _cRB
654 _aconference
245 _aCollection of papers to be presented in the 8th AIMTDR conference
260 _bIIT
_aBombay
_c1978
082 _a621.902
_bIIT
300 _a260
546 _aENGLISH
999 _c21957
_d21957